| 000 | 00000nam##2200000za#4500 |
| 001 | 9.579513 |
| 003 | CaOODSP |
| 005 | 20210624190610 |
| 007 | cr ||||||||||| |
| 008 | 150406|1992||||xxc|||||o f|0| 0 eng|d |
| 022 | |a1488-5387 |
| 040 | |aCaOODSP|beng |
| 043 | |an-cn--- |
| 086 | 1 |aFs97-4/2187E-PDF |
| 110 | 1 |aCanada. |bDepartment of Fisheries and Oceans. |
| 245 | 10|aEnumeration of the 1988-1992 Squamish River Chinook salmon escapement / |h[electronic resource]|cby N.D. Schubert. |
| 260 | |aNew Westminster - British Columbia : |bFisheries and Oceans Canada |c1992. |
| 300 | |a110p.|bfigs., references, tables |
| 490 | 1 |aCanadian manuscript report of fisheries and aquatic sciences|x1488-5387|vNo. 2187 |
| 500 | |aOn t. p. : Operations Branch, New Westminster, B.C. The catalogue number and ISSN for the print edition appear in the PDF version. |
| 546 | |a(Résumés en français) |
| 590 | |a14-09-Supp|b2014-04-23 |
| 720 | 1 |aSchubert, N. D. |
| 830 | #0|aCanadian manuscript report of fisheries and aquatic sciences,|x1488-5387|vNo. 2187|w(CaOODSP)9.505211 |
| 856 | 40|ahttp://publications.gc.ca|qPDF|s4471 KB|uhttps://publications.gc.ca/collections/collection_2014/mpo-dfo/Fs97-4-2187-eng.pdf|yNo. 2187 |